VCT Game Changers Champions - Statistics

General Stats
  • This quiz has been taken 49 times
    13 since last reset
  • The average score is 17 of 24
Answer Stats
Event / Team Answer % Correct
SR florescent
89%
SR florescent
89%
SR meL
89%
SR meL
89%
G2 Gozen mimi
89%
SR Noia
89%
SR Noia
89%
SR alexis
78%
SR alexis
78%
Championship Berlin 2022 G2 Gozen
78%
G2 Gozen Mary
78%
G2 Gozen Petra
78%
Championship São Paulo 2023 Shopify Rebellion
78%
Championship Berlin 2024 Shopify Rebellion
78%
TL daiki
67%
SR sarah
67%
TL Jelly
67%
SR sarah
67%
Championship Seoul 2025 Team Liquid Brazil
67%
G2 Gozen Glance
56%
TL bizerra
44%
TL joojina
44%
TL isaa
33%
G2 Gozen juliano
22%
No matching quizzes found
Score Distribution
Percent of People with Each Score
Percentile by Number Answered
Your Score History
You have not taken this quiz since the last reset